000 00584nam a2200169Ia 4500
008 090711s9999 xx 000 0 und d
082 _b52778
100 _aसोहोनी श्री. वि.
245 _aटेलिव्हिजन दुरु स्ती
260 _c1984
300 _a294
600 _aसोहोनी श्री. वि.
630 _aटेलिव्हिजन दुरु स्ती
700 _aसोहोनी श्री. वि.
730 _aटेलिव्हिजन दुरु स्ती
942 _cBOOK
999 _c288430
_d288430